00630nam a2200193Ia 4500952013000000999001700130003000400147005001700151008004100168020001500209040000900224082001800233100002700251245005000278250001200328260004500340300000900385942004200394 00102ddc40708HISTORYaMESbMEScHISd2019-02-20g9.95l0o942.06 DAV/Ep8878r2019-02-20 00:00:00w2019-02-20yBKzGL38R2 c19172d19172OSt20200703113033.0190216s9999||||xx |||||||||||||| ||und|| a0198217048 coclc a942.06bDAV/E aDavies, Godfrey 93503 4aThe Early Stuarts 1603-1660 /cGodfrey Davies a2nd Ed. bOxford University Press,aLondon:c1959. a458p cBK2ddch942.06iDAV/Ek942.06mDAV/E